000 00376nam a2200145Ia 4500
008 251230s9999 xx 000 0 und d
020 _a0312977891
082 _a820
_bRAN/S
100 _aRankin, Ian
245 0 _aSet in Darkness
250 _a1st Edition
260 _aNew York
_bSt. Martin's Paperbooks
_c2001
300 _a470p.
942 _yMuit Old Books
_cMuit Old Books
999 _c50439
_d50439